Zákazková výroba od 1.1.2011

Novela postupov účtovania týkajúca sa zákazkovej výroby, ktorá sa priblížila k štandardom IAS 11 a IFRIC 15. Zmeny v zákazkovej výrobe od 1.1.2011.

Guardado en:
Detalles Bibliográficos
Autor principal: Kubaščíková, Zuzana, 1982-
Formato: Capítulo de libro
Lenguaje:eslovaco
Materias:
Etiquetas: Agregar Etiqueta
Sin Etiquetas, Sea el primero en etiquetar este registro!

MARC

LEADER 00000naa a2200000 4500
001 0172016
005 20240502072941.0
041 0 |a slo 
044 |a SK 
245 1 0 |a Zákazková výroba od 1.1.2011  |c Zuzana Kubaščíková 
520 |a Novela postupov účtovania týkajúca sa zákazkovej výroby, ktorá sa priblížila k štandardom IAS 11 a IFRIC 15. Zmeny v zákazkovej výrobe od 1.1.2011. 
610 2 0 |a postupy účtovné 
610 2 0 |a systémy účtovné 
610 2 0 |a operácie účtovné 
610 2 0 |a štandardy účtovné medzinárodné 
610 2 0 |a výroba zákazková 
100 1 |a Kubaščíková, Zuzana, 1982-